[Event "Voronezh op-A 22nd"]
[Site "Voronezh"]
[Date "2018.06.21"]
[Round "9"]
[White "Zhitnikov, Konstantin"]
[Black "Volotovsky, Kirill"]
[Result "1/2-1/2"]
[WhiteElo "2255"]
[BlackElo "2159"]
[PlyCount "118"]
[EventDate "2018.06.12"]
[EventType "swiss"]
[EventRounds "9"]
[EventCountry "RUS"]
[SourceTitle "CBM 185 Extra"]
[Source "ChessBase"]
[SourceDate "2018.07.29"]
[SourceVersion "1"]
[SourceVersionDate "2018.07.29"]
[SourceQuality "1"]

1. e4 c5 2. Nf3 Nc6 3. Bb5 e6 4. Bxc6 bxc6 5. b3 d5 6. Nc3 Nf6 7. e5 Nd7 8. Qe2 Be7 9. Bb2 0-0 10. 0-0 Kh8 11. d3 f5 12. exf6 Bxf6 13. Na4 Bxb2 14. Nxb2 Qf6 15. Na4 e5 16. Rae1 Re8 17. c4 Bb7 18. Qe3 Qd6 19. Ng5 Qg6 20. f4 h6 21. Nh3 Kh7 22. f5 Qd6 23. Nf2 Re7 24. Ng4 Rf8 25. Qg3 Bc8 26. Rf2 a5 27. Ref1 Nf6 28. Nxf6+ Rxf6 29. Qe3 Ref7 30. Qxc5 Qxc5 31. Nxc5 Bxf5 32. Re1 Bg4 33. Rc2 Bf5 34. h3 dxc4 35. bxc4 Re7 36. Rce2 Rd6 37. Re3 Rd4 38. Rxe5 Rxe5 39. Rxe5 Bxd3 40. Nxd3 Rxd3 41. Rxa5 Rc3 42. Rc5 Ra3 43. Rxc6 Rxa2 44. Rd6 Rc2 45. Rd4 Kg6 46. Kh2 Rc3 47. h4 Kh5 48. g3 g5 49. Kh3 gxh4 50. Rxh4+ Kg5 51. Rg4+ Kh5 52. Rd4 Kg5 53. Rd5+ Kg6 54. c5 h5 55. Kg2 Rc4 56. Kf3 h4 57. g4 h3 58. Kg3 Rc3+ 59. Kh2 Kh6 1/2-1/2

[Event "Voronezh op-A 22nd"]
[Site "Voronezh"]
[Date "2018.06.20"]
[Round "8"]
[White "Kochukova, Anna"]
[Black "Zhitnikov, Konstantin"]
[Result "0-1"]
[WhiteElo "2170"]
[BlackElo "2255"]
[PlyCount "114"]
[EventDate "2018.06.12"]
[EventType "swiss"]
[EventRounds "9"]
[EventCountry "RUS"]
[SourceTitle "CBM 185 Extra"]
[Source "ChessBase"]
[SourceDate "2018.07.29"]
[SourceVersion "1"]
[SourceVersionDate "2018.07.29"]
[SourceQuality "1"]

1. e4 c5 2. Nf3 d6 3. d4 cxd4 4. Nxd4 Nf6 5. Nc3 a6 6. Be2 e6 7. Be3 Be7 8. Qd2 Qc7 9. g4 h6 10. 0-0-0 b5 11. f3 b4 12. Nb1 d5 13. e5 Nfd7 14. f4 Nc5 15. Rhf1 Ne4 16. Qe1 Nd7 17. h4 g5 18. hxg5 hxg5 19. Rh1 Rg8 20. f5 Nxe5 21. fxe6 fxe6 22. Rh7 Nf6 23. Rh3 Bd7 24. Nd2 Nexg4 25. Bg1 e5 26. N4f3 Bf5 27. Kb1 Bxc2+ 28. Ka1 Bxd1 29. Qxd1 Rc8 30. Kb1 Qd7 31. Bxa6 Qf5+ 32. Ka1 Qc2 33. Qxc2 Rxc2 34. Kb1 Rc7 35. Bb6 Rd7 36. Bb5 Kf7 37. Bxd7 Nxd7 38. Bg1 Ngf6 39. Nh2 g4 40. Rg3 Bd6 41. Nhf1 Ke6 42. Nb3 Ne4 43. Rg2 Ndf6 44. Kc2 g3 45. Nc1 Nh5 46. Kb3 Nf4 47. Rc2 Nh3 48. Ne2 Nxg1 49. Nxg1 Bc5 50. Rg2 Bxg1 51. Rxg1 g2 52. Ne3 Rg3 53. Kxb4 Rxe3 54. Rxg2 d4 55. Rg6+ Kd5 56. Rg8 d3 57. b3 d2 0-1

[Event "Voronezh op-A 22nd"]
[Site "Voronezh"]
[Date "2018.06.18"]
[Round "6"]
[White "Sinitsina, Anastassia"]
[Black "Zhitnikov, Konstantin"]
[Result "1-0"]
[WhiteElo "2009"]
[BlackElo "2255"]
[PlyCount "81"]
[EventDate "2018.06.12"]
[EventType "swiss"]
[EventRounds "9"]
[EventCountry "RUS"]
[SourceTitle "CBM 185 Extra"]
[Source "ChessBase"]
[SourceDate "2018.07.29"]
[SourceVersion "1"]
[SourceVersionDate "2018.07.29"]
[SourceQuality "1"]

1. e4 c5 2. Nf3 d6 3. d4 cxd4 4. Nxd4 Nf6 5. f3 e5 6. Bb5+ Bd7 7. Bxd7+ Qxd7 8. Nf5 g6 9. Ne3 Nc6 10. Nc3 Nd4 11. Ncd5 Bg7 12. c3 Ne6 13. 0-0 0-0 14. Nxf6+ Bxf6 15. Nd5 Bg7 16. Be3 Kh8 17. Qd3 f5 18. b3 Nc5 19. Bxc5 dxc5 20. c4 Rad8 21. Rad1 Qd6 22. Qe2 Qe6 23. Nc3 Rd4 24. Nb5 a6 25. Nxd4 exd4 26. e5 Qxe5 27. Qxe5 Bxe5 28. g3 Kg7 29. Rfe1 Kf6 30. Kf2 Bc7 31. f4 h6 32. h4 b5 33. Re2 g5 34. fxg5+ hxg5 35. Rde1 f4 36. Re6+ Kf5 37. g4+ Kxg4 38. Rg1+ Kf5 39. Re7 Bd6 40. Rxg5+ Kf6 41. Ra7 1-0

[Event "Voronezh op-A 22nd"]
[Site "Voronezh"]
[Date "2018.06.16"]
[Round "5"]
[White "Zhitnikov, Konstantin"]
[Black "Selifonova, Aleksandra"]
[Result "1/2-1/2"]
[WhiteElo "2255"]
[BlackElo "1920"]
[PlyCount "80"]
[EventDate "2018.06.12"]
[EventType "swiss"]
[EventRounds "9"]
[EventCountry "RUS"]
[SourceTitle "CBM 185 Extra"]
[Source "ChessBase"]
[SourceDate "2018.07.29"]
[SourceVersion "1"]
[SourceVersionDate "2018.07.29"]
[SourceQuality "1"]

1. e4 e5 2. Nf3 Nf6 3. Nc3 Nc6 4. Bb5 Nd4 5. 0-0 Nxb5 6. Nxb5 d6 7. d4 a6 8. Nc3 exd4 9. Qxd4 Be7 10. h3 0-0 11. Bf4 b5 12. a4 Rb8 13. axb5 axb5 14. Qd3 b4 15. Nd5 Nxd5 16. exd5 Bf6 17. Qb3 Re8 18. Ra4 Bf5 19. Bd2 Re4 20. Re1 Qd7 21. c4 Rxe1+ 22. Nxe1 Bxb2 23. Rxb4 Rxb4 24. Qxb4 Bf6 25. Qb7 Qc8 26. Qb4 h6 27. Bc3 Bxc3 28. Qxc3 c6 29. Qf3 cxd5 30. Qxd5 Qc5 31. Qxc5 dxc5 32. f3 Kf8 33. Kf2 Ke7 34. Ke3 Kd6 35. f4 Be6 36. Kd3 Bf5+ 37. Ke3 Be6 38. Kd3 Bf5+ 39. Ke3 Be6 40. Kd3 Bf5+ 1/2-1/2

[Event "Voronezh op-A 22nd"]
[Site "Voronezh"]
[Date "2018.06.15"]
[Round "4"]
[White "Volkov, Roman"]
[Black "Zhitnikov, Konstantin"]
[Result "1-0"]
[WhiteElo "2116"]
[BlackElo "2255"]
[PlyCount "103"]
[EventDate "2018.06.12"]
[EventType "swiss"]
[EventRounds "9"]
[EventCountry "RUS"]
[SourceTitle "CBM 185 Extra"]
[Source "ChessBase"]
[SourceDate "2018.07.29"]
[SourceVersion "1"]
[SourceVersionDate "2018.07.29"]
[SourceQuality "1"]

1. d4 Nf6 2. c4 e6 3. g3 d5 4. Nf3 Bb4+ 5. Bd2 Be7 6. Bg2 0-0 7. 0-0 c6 8. Qc2 b6 9. Rd1 Ba6 10. b3 Nbd7 11. Bf4 Rc8 12. Nc3 c5 13. cxd5 exd5 14. Qb2 Bb7 15. Ne5 a6 16. Nxd7 Qxd7 17. Na4 Qe6 18. dxc5 bxc5 19. Rac1 Rfd8 20. Bg5 h6 21. Bxf6 Bxf6 22. Qd2 Be7 23. Nc3 d4 24. Bxb7 dxc3 25. Qxc3 Rc7 26. Bf3 Rcd7 27. Rxd7 Rxd7 28. Kg2 g6 29. Qa5 Rd4 30. e3 Rd7 31. Rc4 Qd6 32. Ra4 Ra7 33. Qc3 Bf6 34. Qc4 a5 35. Qb5 Bd8 36. Rc4 Bb6 37. Re4 Kg7 38. Re8 Bd8 39. Qc4 Be7 40. Rc8 Qa6 41. Qc3+ Qf6 42. Qd2 Qd6 43. Qc2 Qe6 44. Rc6 Qe5 45. a4 g5 46. Qc4 Rd7 47. Qc2 Ra7 48. Be4 Rd7 49. Ra6 Bd8 50. Bg6 fxg6 51. Qxg6+ Kf8 52. Re6 1-0

[Event "Voronezh op-A 22nd"]
[Site "Voronezh"]
[Date "2018.06.14"]
[Round "3"]
[White "Zhitnikov, Konstantin"]
[Black "Golubov, Saveliy"]
[Result "0-1"]
[WhiteElo "2255"]
[BlackElo "2493"]
[PlyCount "136"]
[EventDate "2018.06.12"]
[EventType "swiss"]
[EventRounds "9"]
[EventCountry "RUS"]
[SourceTitle "CBM 185 Extra"]
[Source "ChessBase"]
[SourceDate "2018.07.29"]
[SourceVersion "1"]
[SourceVersionDate "2018.07.29"]
[SourceQuality "1"]

1. e4 e5 2. Nf3 Nc6 3. Bb5 a6 4. Ba4 Nge7 5. 0-0 g6 6. c3 Bg7 7. d4 exd4 8. cxd4 b5 9. Bb3 d6 10. a3 0-0 11. h3 h6 12. d5 Na5 13. Ba2 Nc4 14. Bxc4 bxc4 15. Re1 f5 16. e5 g5 17. exd6 Qxd6 18. Qe2 Ng6 19. Nfd2 Nf4 20. Qxc4 Bb7 21. Nc3 Bxc3 22. Qxc3 Rfe8 23. Nf3 Nxd5 24. Qc4 Rxe1+ 25. Nxe1 Re8 26. Be3 Re4 27. Qb3 Bc6 28. Rc1 Ba4 29. Qa2 Qe6 30. Bd2 g4 31. hxg4 fxg4 32. Nd3 g3 33. fxg3 Re2 34. Nc5 Qe5 35. Bf4 Qd4+ 36. Kh2 Bc6 37. Qc4 Qf2 38. Rg1 Rc2 39. Qe4 Nxf4 40. Qxc6 Rxc5 41. Qe8+ Kg7 42. Qe7+ Kg6 43. Qe4+ Rf5 44. Rc1 Nd5 45. Rc2 Qf1 46. Rc5 Nf6 47. Rc6 Qb5 48. Qg4+ Kf7 49. Rxc7+ Ke8 50. Qd4 Ng4+ 51. Qxg4 Rh5+ 52. Qxh5+ Qxh5+ 53. Kg1 Qg6 54. Kh2 Qb6 55. Rc2 Kd7 56. b4 Qe3 57. a4 Qd4 58. b5 a5 59. b6 Qd5 60. b7 Qxb7 61. Rc4 Qb4 62. Rh4 Kc7 63. Kh3 Qd6 64. Kh2 Kc6 65. Rf4 Kc5 66. Rh4 Qg6 67. Rf4 h5 68. Rh4 Qg4 0-1

[Event "World School-ch U15"]
[Site "Sochi"]
[Date "2016.12.04"]
[Round "2"]
[White "Zhitnikov, Konstantin"]
[Black "Mestnikov, Aital"]
[Result "0-1"]
[WhiteElo "2284"]
[BlackElo "2114"]
[PlyCount "74"]
[EventDate "2016.12.03"]
[EventType "swiss"]
[EventRounds "9"]
[EventCountry "RUS"]
[SourceTitle "EXT 2018"]
[Source "ChessBase"]
[SourceDate "2017.10.13"]
[SourceVersion "1"]
[SourceVersionDate "2017.10.13"]
[SourceQuality "1"]

1. e4 c5 2. c3 Nf6 3. e5 Nd5 4. d4 cxd4 5. Nf3 Nc6 6. cxd4 d6 7. Bc4 Nb6 8. Bb5 d5 9. Nbd2 Bf5 10. Nb3 e6 11. Bd2 Nc4 12. Bc3 a6 13. Bxc6+ bxc6 14. Nfd2 Qg5 15. Qf3 Nxd2 16. Bxd2 Qg6 17. 0-0 Be7 18. Rac1 Be4 19. Qg3 Qxg3 20. hxg3 Kd7 21. f3 Bd3 22. Rfe1 Rhb8 23. Re3 Bc4 24. Rc2 Bxb3 25. axb3 Rb6 26. Rcc3 Rab8 27. Rcd3 c5 28. Bc3 Rxb3 29. Kf1 c4 30. Rd1 Bb4 31. Ra1 Rb6 32. Ra4 Kc6 33. g4 Bxc3 34. bxc3 Rb1+ 35. Kf2 R6b2+ 36. Kg3 Kb5 37. Ra3 g5 0-1

[Event "Nezhmetdinov Memorial 38th"]
[Site "Kazan"]
[Date "2016.06.08"]
[Round "9"]
[White "Filyanin, Daniil"]
[Black "Zhitnikov, Konstantin"]
[Result "1-0"]
[WhiteElo "2006"]
[BlackElo "2274"]
[PlyCount "117"]
[EventDate "2016.05.31"]
[EventType "swiss"]
[EventRounds "9"]
[EventCountry "RUS"]
[SourceTitle "CBM 172 Extra"]
[Source "ChessBase"]
[SourceDate "2016.06.21"]
[SourceVersion "1"]
[SourceVersionDate "2016.06.21"]
[SourceQuality "1"]

1. e4 c5 2. Nf3 e6 3. d4 cxd4 4. Nxd4 Nf6 5. Nc3 d6 6. Be2 Be7 7. Be3 0-0 8. g4 d5 9. e5 Nfd7 10. f4 Bh4+ 11. Kd2 Nc6 12. g5 Nxd4 13. Bxd4 Bxg5 14. fxg5 Qxg5+ 15. Be3 Qxe5 16. Qg1 f6 17. Rf1 Qc7 18. Qg2 b6 19. Nb5 Qb7 20. Rhg1 Ne5 21. Bh6 Ng6 22. Nd6 Qe7 23. Bh5 Qxd6 24. Bxg6 hxg6 25. Qxg6 Rf7 26. Bxg7 Qxh2+ 27. Kc1 Qh7 28. Rxf6 Qxg6 29. Rfxg6 Rf5 30. Be5+ Kf7 31. Rg7+ Ke8 32. Rh1 Rf7 33. Rh8+ Ke7 34. Rgg8 Rf5 35. Rh7+ Rf7 36. Bd6+ Kxd6 37. Rxf7 Bb7 38. Rxa8 Bxa8 39. Rxa7 Bc6 40. c3 Kc5 41. Kd2 e5 42. Rc7 Kd6 43. Rc8 Bd7 44. Rb8 Kc7 45. Rh8 Kd6 46. Rh6+ Kc7 47. Ke3 Bc8 48. c4 dxc4 49. Ke4 Ba6 50. Kxe5 Bb5 51. Kd4 Kb7 52. Kc3 Ba6 53. Kb4 Kc7 54. Kc3 Kb7 55. Rh7+ Kb8 56. Kb4 Kc8 57. Ra7 Bb7 58. Kb5 Kc7 59. Kxc4 1-0

[Event "Nezhmetdinov Memorial 38th"]
[Site "Kazan"]
[Date "2016.06.05"]
[Round "6"]
[White "Tsydypov, Zhamsaran"]
[Black "Zhitnikov, Konstantin"]
[Result "1-0"]
[WhiteElo "2438"]
[BlackElo "2274"]
[PlyCount "105"]
[EventDate "2016.05.31"]
[EventType "swiss"]
[EventRounds "9"]
[EventCountry "RUS"]
[SourceTitle "CBM 172 Extra"]
[Source "ChessBase"]
[SourceDate "2016.06.21"]
[SourceVersion "1"]
[SourceVersionDate "2016.06.21"]
[SourceQuality "1"]

1. b3 e5 2. Bb2 d6 3. c4 Nf6 4. g3 g6 5. Bg2 Bg7 6. Nc3 Nc6 7. Nf3 0-0 8. 0-0 Nh5 9. Ne1 f5 10. Nc2 Be6 11. Nd5 e4 12. Bxg7 Kxg7 13. d3 exd3 14. Qxd3 Kg8 15. Rad1 Ne5 16. Qe3 Re8 17. Nc3 Nf7 18. Qd2 c6 19. Nd4 Nf6 20. Rfe1 Qc7 21. e4 fxe4 22. Qf4 Nh5 23. Qxe4 Bd7 24. Qd3 Rxe1+ 25. Rxe1 Re8 26. Rxe8+ Bxe8 27. Qe3 Bd7 28. Ne4 Qd8 29. Ne2 b6 30. Qc3 Bf5 31. Nd4 Qe8 32. Qf3 d5 33. cxd5 cxd5 34. Nd2 Qe1+ 35. Nf1 Be4 36. Qe3 Qb1 37. f3 Bd3 38. Qe8+ Kg7 39. Qe7 g5 40. Ne6+ Kg6 41. Nf8+ Kg7 42. Nd7 Qb2 43. Bh3 Bxf1 44. Bxf1 Nf6 45. Qf8+ Kg6 46. Bd3+ Ne4 47. Qg8+ Kh6 48. Bxe4 dxe4 49. Qxf7 Qd4+ 50. Kh1 Qd1+ 51. Kg2 exf3+ 52. Kh3 f2 53. Qe6+ 1-0

[Event "Nezhmetdinov Memorial 38th"]
[Site "Kazan"]
[Date "2016.05.31"]
[Round "1"]
[White "Shevtsov, Mikhail"]
[Black "Zhitnikov, Konstantin"]
[Result "0-1"]
[WhiteElo "1728"]
[BlackElo "2274"]
[PlyCount "58"]
[EventDate "2016.05.31"]
[EventType "swiss"]
[EventRounds "9"]
[EventCountry "RUS"]
[SourceTitle "CBM 172 Extra"]
[Source "ChessBase"]
[SourceDate "2016.06.21"]
[SourceVersion "1"]
[SourceVersionDate "2016.06.21"]
[SourceQuality "1"]

1. d4 Nf6 2. Nf3 g6 3. c4 Bg7 4. Nc3 0-0 5. e4 d6 6. Be2 e5 7. 0-0 Nc6 8. d5 Ne7 9. Ne1 Nd7 10. Nd3 f5 11. exf5 gxf5 12. f4 Ng6 13. Be3 Qe7 14. Qd2 Re8 15. fxe5 Ndxe5 16. Nxe5 Qxe5 17. Bf2 Bd7 18. Rae1 Qf4 19. Qd1 Be5 20. Bg3 Qe3+ 21. Bf2 Qh6 22. h3 Qf4 23. g3 Qg5 24. Kh2 f4 25. Rg1 Qf5 26. Bg4 fxg3+ 27. Bxg3 Qf2+ 28. Kh1 Bxg3 29. Rxe8+ Rxe8 0-1

[Event "Cheboksary Sergievskiy Memorial Rapid"]
[Site "Cheboksary"]
[Date "2016.04.12"]
[Round "5"]
[White "Zhitnikov, Konstantin"]
[Black "Lysyj, Igor"]
[Result "0-1"]
[WhiteElo "2288"]
[BlackElo "2668"]
[PlyCount "139"]
[EventDate "2016.04.11"]
[EventType "swiss (rapid)"]
[EventRounds "11"]
[EventCountry "RUS"]
[SourceTitle "CBM 171 Extra"]
[Source "ChessBase"]
[SourceDate "2016.04.26"]
[SourceVersion "1"]
[SourceVersionDate "2016.04.26"]
[SourceQuality "1"]

1. e4 e6 2. d4 d5 3. exd5 exd5 4. Bd3 Nc6 5. Nf3 Bd6 6. 0-0 Nge7 7. c3 Bg4 8. Nbd2 Qd7 9. Re1 f6 10. b4 0-0 11. Qc2 Bf5 12. Bxf5 Nxf5 13. Nf1 Nce7 14. Bd2 c6 15. Rab1 a6 16. Qc1 Ng6 17. Ng3 Bxg3 18. hxg3 Nd6 19. Bf4 Nc4 20. a4 Rfe8 21. a5 Rxe1+ 22. Nxe1 Re8 23. Nd3 Qf5 24. Qd1 h5 25. Nc5 Re7 26. Rc1 Nxf4 27. gxf4 Qxf4 28. Rc2 Qg4 29. Qxg4 hxg4 30. Kf1 Nd6 31. Re2 Kf7 32. Rc2 Nb5 33. Rc1 g5 34. Rc2 Nd6 35. Rc1 f5 36. Nd3 Nc4 37. Rd1 Kf6 38. Nc5 f4 39. Rd3 Kf5 40. g3 Nd6 41. Rd1 Rh7 42. Kg2 Ne4 43. Nxe4 Kxe4 44. Rd2 Kf5 45. Rd3 Re7 46. Kf1 Re6 47. Rd2 fxg3 48. fxg3 Re3 49. Rf2+ Rf3 50. Kg2 Ke4 51. Re2+ Kd3 52. Re7 Kxc3 53. Rxb7 Kxd4 54. Rb6 Rc3 55. Rxa6 Rc2+ 56. Kf1 Ke3 57. Ra8 Kf3 58. Ke1 Rb2 59. Rc8 Rxb4 60. a6 Ra4 61. Rxc6 Kxg3 62. Rd6 Kg2 63. Rxd5 Rxa6 64. Rxg5 Re6+ 65. Kd2 g3 66. Kd1 Kf2 67. Rf5+ Kg1 68. Rg5 g2 69. Rg8 Rh6 70. Ke1 0-1

[Event "Kstovo Chess Hopes op"]
[Site "Kstovo"]
[Date "2015.06.29"]
[Round "6"]
[White "Zhitnikov, Konstantin"]
[Black "Sakulo, Denis"]
[Result "1/2-1/2"]
[WhiteElo "2323"]
[BlackElo "2028"]
[PlyCount "54"]
[EventDate "2015.06.24"]
[EventType "swiss"]
[EventRounds "9"]
[EventCountry "RUS"]
[SourceTitle "CBM 167 Extra"]
[Source "ChessBase"]
[SourceDate "2015.09.14"]
[SourceVersion "1"]
[SourceVersionDate "2015.09.14"]
[SourceQuality "1"]

1. e4 c6 2. d4 d5 3. Nc3 dxe4 4. Nxe4 Bf5 5. Ng3 Bg6 6. h4 h6 7. Nf3 Nd7 8. h5 Bh7 9. Bd3 Bxd3 10. Qxd3 Qc7 11. Bd2 Ngf6 12. 0-0-0 0-0-0 13. Ne4 Nxe4 14. Qxe4 Nf6 15. Qe2 e6 16. c4 c5 17. Bc3 cxd4 18. Bxd4 Bc5 19. Bxc5 Qxc5 20. Ne5 Qc7 21. g4 Nd7 22. Nxd7 Rxd7 23. Rxd7 Qxd7 24. Rd1 Qc7 25. Qe4 Rd8 26. Rxd8+ Kxd8 27. Kc2 Ke7 1/2-1/2

[Event "Kstovo Chess Hopes op"]
[Site "Kstovo"]
[Date "2015.06.28"]
[Round "5"]
[White "Zhitnikov, Konstantin"]
[Black "Antonova, Anastasiya"]
[Result "1-0"]
[WhiteElo "2323"]
[BlackElo "1768"]
[PlyCount "57"]
[EventDate "2015.06.24"]
[EventType "swiss"]
[EventRounds "9"]
[EventCountry "RUS"]
[SourceTitle "CBM 167 Extra"]
[Source "ChessBase"]
[SourceDate "2015.09.14"]
[SourceVersion "1"]
[SourceVersionDate "2015.09.14"]
[SourceQuality "1"]

1. e4 d6 2. d4 Nf6 3. Nc3 g6 4. g3 Bg7 5. Bg2 0-0 6. Nge2 c5 7. dxc5 dxc5 8. Qxd8 Rxd8 9. e5 Ne8 10. f4 Na6 11. a3 Rb8 12. Nd5 Kf8 13. Be3 b6 14. Rd1 Bb7 15. Kf2 Nac7 16. Nxc7 Bxg2 17. Ne6+ fxe6 18. Kxg2 g5 19. fxg5 Bxe5 20. Rhf1+ Kg8 21. Bf4 Bxf4 22. Nxf4 Nc7 23. g6 Rd6 24. gxh7+ Kxh7 25. Nd3 Rd5 26. Rde1 Kg7 27. g4 Rh8 28. Ne5 Rh6 29. Nf7 1-0